| 000 | 00620nam a2200253Ia 4500 | ||
|---|---|---|---|
| 008 | 210210b2014 xxu||||| |||| 00| 0 eng d | ||
| 020 | _a9781473605206 | ||
| 041 | _aeng | ||
| 082 | _a796.358092 TENS | ||
| 100 | _aTENDULKAR (Sachin) | ||
| 245 | _aSachin Tendulkar: playing it my way; my autobiography | ||
| 260 |
_aGreat Britain _bHodder and Stoughton _c2014 |
||
| 300 | _ax,486 | ||
| 650 | _away | ||
| 650 | _aTendulkar: | ||
| 650 | _aSachin | ||
| 650 | _aplaying | ||
| 650 | _amy | ||
| 650 | _ait | ||
| 650 | _aautobiography | ||
| 690 | _aBiography | ||
| 700 | _aMAJUMDAR (Boria) | ||
| 906 | _a069134 | ||
| 999 |
_c153216 _d153216 |
||